000 00457nam a2200169 i 4500
001 74818
003 ES-MaACL
005 20230906172245.0
007 t|
008 040921s1916 fr ||||1| fre d
100 1 _aGourmont, Rémy de (
_d1858-1916)
_959362
245 1 3 _aLa culture des idées /
_cRemy de Gourmont.
250 _a11eme ed.
260 _aParís :
_bMercure de France,
_c1916.
300 _aX, 307 p. ;
_c19 cm.
852 _aES-MaACL
_jG-8588
999 _c74818
_d74818